Why We Work /

Збережено в:
Бібліографічні деталі
Автор: Schwartz, Barry (autor)
Формат: Книга
Мова:Англійська
Опубліковано: Nueva York, EUA : TED Books : Simon and Schuster, 2015, c2015
Предмети:
Онлайн доступ:Ver documento en línea
Теги: Додати тег
Немає тегів, Будьте першим, хто поставить тег для цього запису!

MARC

LEADER 00000nam^a2200000^a^4500
001 000563226
005 20251023000000.0
009 20260310132002.115
020 |a 978-1-4767-8487-8 
037 |a Acervo ITESO - Biblioteca 
041 |a ING 
082 |a 306. 36  |b SCH 
100 |a Schwartz, Barry  |e (autor) 
245 1 0 |a Why We Work /  |c B. Schwartz. 
264 4 |a Nueva York, EUA :  |b TED Books :  |b Simon and Schuster,  |c 2015, c2015 
264 2 |a Birmingham, EUA :  |b EBSCOhost [distribución],  |c 2023 
300 |a 1 libro electrónico en línea (sin paginación) 
300 |a 1 recurso en línea 
336 |a datos para computadora  |b cod  |2 rdacontenido 
337 |a computadora  |b c  |2 rdamedio 
338 |a recurso en línea  |b cr  |2 rdasoporte 
506 0 |a 3 licencias 
649 |a XX 
650 |a Trabajo -  |x Filosofía 
650 |a Trabajo -  |x Aspectos Psicológicos -  |x Tema Principal 
650 |a Felicidad 
650 |a Satisfacción Laboral -  |x Tema Principal 
650 |a Superación Personal y Autoayuda 
650 |a Psicología Laboral 
650 |a Salud Laboral 
856 4 0 |u https://ezproxy.iteso.mx/login?url=https://search.ebscohost.com/login.aspx?direct=true&scope=site&db=nlebk&db=nlabk&AN=1970298  |y Ver documento en línea 
910 |a Fondo General 
920 |a Electrónicos - Libros en Línea 
930 |a Plataforma Digital 
905 |a 205 
901 |a 563226-1  |b IT2  |c EBO  |i D  |u 20250521 
901 |a 563226-2  |b IT2  |c EBO  |i C  |u 20250521 
901 |a 563226-3  |b IT2  |c EBO  |i C  |u 20250521 
902 |a https://opac.biblio.iteso.mx/vufind/Record/000563226